000 00285nam a2200121 a 4500
008 100923s1989|||| d
245 1 0 _aŽltý diabol, žltý boh
100 1 _aFerko, Vladimír
260 _bObzor
_aBratislava
_c1989
020 _c35
044 _axo
_cSK
041 _aslo
999 _c10635
_d10635